| 000 | 00551nam a2200193Ia 4500 | ||
|---|---|---|---|
| 003 | GCL | ||
| 008 | 140319s9999 xx 000 0 eng d | ||
| 040 |
_aGCL / _cGCL |
||
| 082 | 0 | 4 |
_a892.76 _bB J |
| 100 | 1 | _aBELAMRI, RABAH | |
| 245 | 1 | 0 |
_aJEAN SENAC, ENTRE DESIR ET DOULEUR / _cBELAMRI, RABAH |
| 260 |
_a[S.N] : _bOFFICE DES PUBLEATIONS UNIVERSITTIONE ، _c1989 |
||
| 300 | _a129\P | ||
| 490 |
_aCLASSIQUES MAGHREBINS _v0 |
||
| 650 | 0 | 4 | _aHISTORY AND CRITICISM |
| 650 | 0 | 4 | _aLITERATURE - ALGERIA |
| 650 | 0 | 4 | _aFRENCH LITERATURE |
| 942 |
_2ddc _cBK |
||
| 999 |
_c20851 _d20851 |
||